[Event "17. OIBM Bad Wiessee"]
[Site "Bad Wiessee"]
[Date "2013.10.30"]
[Round "6.40"]
[White "Polster, Wolfgang"]
[Black "Esswein, Karlheinz"]
[Result "1-0"]
[WhiteElo "2280"]
[BlackElo "2034"]
[PlyCount "151"]
[EventDate "2013.??.??"]
[WhiteTeam "SV Koblenz 03/25"]
[BlackTeam "SK 1912 Ludwigshafen"]

1. e4 c5 2. Nc3 e6 3. Nge2 Nc6 4. g3 d5 5. d3 Nf6 6. Bg2 Be7 7. O-O O-O 8. exd5
exd5 9. Bg5 d4 10. Bxf6 Bxf6 11. Ne4 Be7 12. Nf4 Bf5 13. Re1 Qd7 14. Nd5 Bxe4
15. Rxe4 Bd6 16. Qh5 f5 17. Re2 Rae8 18. Rae1 Rxe2 19. Rxe2 Qf7 20. Qxf7+ Kxf7
21. Nf4 Ne7 22. Ne6 Rb8 23. Ng5+ Kg8 24. Re6 Rd8 25. Bxb7 h6 26. Nf3 Kf7 27.
Re1 Rb8 28. Ba6 Rxb2 29. Bc4+ Kf8 30. Bb3 Bc7 31. Ne5 Bxe5 32. Rxe5 a5 33. Rxc5
a4 34. Bxa4 Rxa2 35. Bb3 Ra7 36. Kg2 g6 37. Rb5 Kg7 38. Rb6 Rd7 39. Kf3 g5 40.
Be6 Rc7 41. Bb3 Nc6 42. Ke2 Re7+ 43. Kf1 Rc7 44. f4 gxf4 45. gxf4 Na5 46. Ba4
Nb7 47. Rb4 Nc5 48. Rc4 Ne6 49. Rxc7+ Nxc7 50. Bc6 Ne6 51. Bd7 Nxf4 52. Bxf5
Nd5 53. Ke2 Ne3 54. Bd7 Nxc2 55. Kf3 h5 56. Ke4 Kf6 57. h4 Kg6 58. Be8+ Kh6 59.
Ba4 Ne1 60. Kxd4 Nf3+ 61. Ke4 Nxh4 62. Be8 Kg7 63. Bxh5 Kf6 64. Bg4 Ng6 65. d4
Ke7 66. Bf5 Nh4 67. Kf4 Kd6 68. Be4 Ke6 69. d5+ Kf6 70. Kg4 Ng6 71. Bxg6 Kxg6
72. Kf4 Kf6 73. Ke4 Ke7 74. Ke5 Ke8 75. Ke6 Kd8 76. d6 1-0

[Event "17. OIBM Bad Wiessee"]
[Site "Bad Wiessee"]
[Date "2013.10.30"]
[Round "6.41"]
[White "Ulanowski, Karol"]
[Black "Nuber, Korbinian"]
[Result "1/2-1/2"]
[WhiteElo "2133"]
[BlackElo "2270"]
[PlyCount "62"]
[EventDate "2013.??.??"]
[BlackTeam "SC Dillingen"]

1. e4 e6 2. d4 d5 3. Nc3 Bb4 4. e5 c5 5. a3 Bxc3+ 6. bxc3 Ne7 7. Qg4 Qc7 8.
Qxg7 Rg8 9. Qxh7 cxd4 10. Ne2 Nbc6 11. f4 Bd7 12. Qd3 dxc3 13. Nxc3 a6 14. Rb1
Na5 15. h4 Nf5 16. Rh3 O-O-O 17. h5 Nc4 18. h6 Rg6 19. h7 Rh8 20. Qf3 Nce3 21.
Bxe3 Qxc3+ 22. Bd2 Qxf3 23. Rxf3 Rxh7 24. Bxa6 Bc6 25. Bf1 d4 26. Rh3 Rhg7 27.
Rh8+ Kd7 28. Rh2 Kc8 29. Kf2 Ng3 30. Bd3 Ne4+ 31. Bxe4 Bxe4 1/2-1/2

[Event "17. OIBM Bad Wiessee"]
[Site "Bad Wiessee"]
[Date "2013.10.30"]
[Round "6.42"]
[White "Albrecht, Rainer"]
[Black "Heimrath, Reiner"]
[Result "1-0"]
[WhiteElo "2129"]
[BlackElo "2266"]
[PlyCount "107"]
[EventDate "2013.??.??"]
[WhiteTeam "SC Kreuzberg e.V."]
[BlackTeam "SC NT Nürnberg 1873"]

1. d4 Nf6 2. c4 c5 3. d5 Ne4 4. Qc2 f5 5. g3 Qa5+ 6. Nd2 g6 7. Bg2 Nd6 8. Nh3
Bg7 9. Nf4 Na6 10. O-O b5 11. cxb5 Qxb5 12. Re1 O-O 13. e4 Nb4 14. Qb1 g5 15.
e5 gxf4 16. exd6 exd6 17. Bf1 Qb8 18. a3 Na6 19. Nc4 fxg3 20. hxg3 Bb7 21. Bf4
Rf6 22. Ne3 Qf8 23. Bd3 Bh6 24. Bxh6 Qxh6 25. Nxf5 Qh5 26. Re7 Bxd5 27. Nh4 c4
28. Be4 Bxe4 29. Qxe4 d5 30. Qd4 Rf7 31. Rae1 Nc7 32. R1e5 Qh6 33. Rxf7 Kxf7
34. Rxd5 Ne6 35. Rxd7+ Kg8 36. Qxc4 Qf6 37. Qd5 Rf8 38. f4 Kh8 39. Qe5 Ng7 40.
Qd4 Qxd4+ 41. Rxd4 Rc8 42. Rd7 a5 43. Ra7 h6 44. Ng6+ Kh7 45. Ne7 Rb8 46. Nf5
Kg6 47. Nxg7 Rxb2 48. f5+ Kg5 49. Rxa5 Kg4 50. f6 Kxg3 51. Kf1 Kg4 52. Rf5 Rb8
53. f7 Rf8 54. Rf2 1-0

[Event "17. OIBM Bad Wiessee"]
[Site "Bad Wiessee"]
[Date "2013.10.30"]
[Round "6.44"]
[White "Lochte, Thomas"]
[Black "Frick, Christoph"]
[Result "0-1"]
[WhiteElo "2078"]
[BlackElo "2254"]
[PlyCount "62"]
[EventDate "2013.??.??"]
[WhiteTeam "SK Weilheim"]
[BlackTeam "SV Tübingen 1870 e.V."]

1. e4 c6 2. d4 d5 3. e5 Bf5 4. Nc3 e6 5. g4 Bg6 6. Nge2 c5 7. Be3 Nc6 8. dxc5
h5 9. Nd4 hxg4 10. Bb5 Rc8 11. Qxg4 Qh4 12. Qxh4 Rxh4 13. O-O-O Bxc5 14. Rhg1
Nge7 15. Na4 Bxd4 16. Rxd4 Rxh2 17. Rdg4 Kf8 18. R4g2 Rxg2 19. Rxg2 Nxe5 20. f4
N5c6 21. Bc5 Kg8 22. Nc3 a6 23. Bd3 Bxd3 24. cxd3 Nf5 25. Kd2 f6 26. b4 Kf7 27.
a4 Rh8 28. b5 Ncd4 29. Bb6 Rh1 30. bxa6 bxa6 31. a5 Ra1 0-1

[Event "17. OIBM Bad Wiessee"]
[Site "Bad Wiessee"]
[Date "2013.10.30"]
[Round "6.45"]
[White "Bergauz, Noam"]
[Black "Jelica, Mara"]
[Result "0-1"]
[WhiteElo "1950"]
[BlackElo "2252"]
[PlyCount "80"]
[EventDate "2013.??.??"]
[WhiteTeam "SK München Südost e.V."]
[BlackTeam "Freier SpV von 1898 Dort"]

1. e4 c5 2. Nf3 Nc6 3. d4 cxd4 4. Nxd4 Nf6 5. Nc3 d6 6. h3 e5 7. Nde2 Be6 8. g4
d5 9. exd5 Nxd5 10. Bg2 Bb4 11. O-O Nxc3 12. Nxc3 Qa5 13. Bd2 Rd8 14. a3 Bxc3
15. Bxc3 Qc5 16. Qc1 Bd5 17. Bxd5 Rxd5 18. Re1 O-O 19. Qe3 Qd6 20. Qe4 Rd8 21.
b4 h6 22. Kg2 Qf6 23. Re3 Qg5 24. Rae1 f6 25. Rf3 Ne7 26. Qc4 Kh8 27. Bb2 h5
28. Bc1 Qg6 29. Be3 Rc8 30. Qb3 hxg4 31. hxg4 Qxg4+ 32. Rg3 Qe4+ 33. Rf3 b6 34.
c4 Rd3 35. Rh1+ Kg8 36. Qa4 Nf5 37. Qa6 Rcd8 38. c5 Rxe3 39. fxe3 Rd2+ 40. Kg1
Qg4+ 0-1

[Event "17. OIBM Bad Wiessee"]
[Site "Bad Wiessee"]
[Date "2013.10.30"]
[Round "6.46"]
[White "Mentel, Juergen"]
[Black "Ludwig, Peter"]
[Result "0-1"]
[WhiteElo "2025"]
[BlackElo "2243"]
[PlyCount "61"]
[EventDate "2013.??.??"]
[WhiteTeam "Greifswalder SV"]
[BlackTeam "Klub Kölner SF e.V. 1"]

1. e4 e6 2. Qe2 Ne7 3. Nf3 d5 4. d4 b6 5. Qe3 Bb7 6. Bb5+ c6 7. Bd3 Nd7 8. e5
c5 9. c3 Nc6 10. Bd2 Qc8 11. O-O Ba6 12. Qe2 Bxd3 13. Qxd3 Be7 14. Rc1 Qb7 15.
Ne1 O-O 16. Nc2 f6 17. Qh3 Nd8 18. f4 fxe5 19. fxe5 Qa6 20. Re1 Rf7 21. Nba3
Nf8 22. Rf1 Rc8 23. Qg3 g6 24. Bg5 Bxg5 25. Qxg5 Qe2 26. h4 Rxf1+ 27. Rxf1 Nf7
28. Qg3 cxd4 29. Nxd4 Qxe5 30. Qxe5 Nxe5 31. Nxe6 {Rest nicht nachvollziehbar}
0-1

[Event "17. OIBM Bad Wiessee"]
[Site "Bad Wiessee"]
[Date "2013.10.30"]
[Round "6.47"]
[White "Löw, Gerald"]
[Black "Sabel, Reinhard"]
[Result "0-1"]
[WhiteElo "2234"]
[BlackElo "2007"]
[PlyCount "112"]
[EventDate "2013.??.??"]
[WhiteTeam "TSV Bindlach Aktionär-Schachabte"]
[BlackTeam "SF Mainz 1928"]

1. c4 e6 2. g3 d5 3. Nf3 Nf6 4. Bg2 Be7 5. O-O O-O 6. Qc2 dxc4 7. Qxc4 a6 8.
Qc2 b5 9. d4 Bb7 10. Bf4 Nd5 11. Bd2 Nd7 12. Ba5 N5b6 13. Ng5 Bxg5 14. Bxb7 Ra7
15. Bg2 Nc4 16. Bb4 Be7 17. Bxe7 Qxe7 18. b3 Na3 19. Nxa3 Qxa3 20. Rfc1 Qd6 21.
e3 Rc8 22. Bc6 Nb8 23. Qe4 g6 24. Rc2 Nxc6 25. Rxc6 Qa3 26. Rxe6 Qb2 27. Re1
Raa8 28. Re7 Qxa2 29. Qd5 Rf8 30. Rc1 Rad8 31. Qf3 Qxb3 32. Rcxc7 a5 33. h4 a4
34. h5 a3 35. Qf6 Qb1+ 36. Kg2 Qf5 37. Qxf5 gxf5 38. Rc2 Ra8 39. Rb7 a2 40.
Rxa2 Rxa2 41. Rxb5 f4 42. gxf4 h6 43. f5 Re8 44. Kg3 Kg7 45. Rb6 Ra5 46. Kf4
Ra2 47. f3 Rh2 48. f6+ Kg8 49. e4 Rxh5 50. d5 Kh7 51. d6 Kg6 52. d7 Rd8 53. Rd6
Ra5 54. e5 Ra7 55. Rd1 Ra4+ 56. Ke3 Kf5 0-1

[Event "17. OIBM Bad Wiessee"]
[Site "Bad Wiessee"]
[Date "2013.10.30"]
[Round "6.48"]
[White "Zimmerschied, Gernot"]
[Black "Jahnz, Fabian"]
[Result "1/2-1/2"]
[WhiteElo "1952"]
[BlackElo "2226"]
[PlyCount "45"]
[EventDate "2013.??.??"]
[WhiteTeam "SF Braunfels e. V."]
[BlackTeam "SK König Tegel 1949 e.V."]

1. e4 e5 2. Nf3 Nc6 3. Nc3 Nf6 4. d4 exd4 5. Nd5 Be7 6. Bf4 d6 7. Nxd4 O-O 8.
Nb5 Nxd5 9. exd5 Ne5 10. Nd4 f5 11. Nf3 Bf6 12. c3 Re8 13. Be2 Nxf3+ 14. gxf3
Qe7 15. Kd2 g5 16. Rg1 Kh8 17. Be3 c5 18. f4 h6 19. Bd3 c4 20. Bxc4 g4 21. Kc2
Qe4+ 22. Qd3 Bd7 23. Rae1 1/2-1/2

[Event "17. OIBM Bad Wiessee"]
[Site "Bad Wiessee"]
[Date "2013.10.30"]
[Round "6.49"]
[White "Oberhofer, Cédric"]
[Black "Fauth, Dietmar"]
[Result "1/2-1/2"]
[WhiteElo "1911"]
[BlackElo "2221"]
[PlyCount "80"]
[EventDate "2013.??.??"]
[WhiteTeam "SC Bavaria Regensb.1881"]
[BlackTeam "SK Siemens München"]

1. e4 c5 2. Nf3 Nc6 3. d4 cxd4 4. Nxd4 Nf6 5. Nc3 d6 6. Bg5 e6 7. Qd2 a6 8.
O-O-O Bd7 9. f4 b5 10. Nxc6 Bxc6 11. e5 dxe5 12. Qxd8+ Rxd8 13. Rxd8+ Kxd8 14.
fxe5 h6 15. Be3 Nd7 16. Bd4 Bc5 17. Bxc5 Nxc5 18. Bd3 Nd7 19. Re1 Bxg2 20. a4
b4 21. Nd1 a5 22. Ne3 Bd5 23. Nxd5 exd5 24. e6 Re8 25. Rg1 Rxe6 26. Rxg7 Ne5
27. Rg3 Ke7 28. Kd2 Kd6 29. Be2 f5 30. Rg8 Nc6 31. c3 Ke5 32. Ke3 d4+ 33. cxd4+
Nxd4 34. Bc4 f4+ 35. Kf2 Rd6 36. Re8+ Kf5 37. Rf8+ Kg5 38. Rg8+ Kf5 39. Rf8+
Ke5 40. Re8+ Kf5 1/2-1/2

[Event "17. OIBM Bad Wiessee"]
[Site "Bad Wiessee"]
[Date "2013.10.30"]
[Round "6.50"]
[White "Mann, Johannes"]
[Black "Nagel, Bernhard"]
[Result "0-1"]
[WhiteElo "1910"]
[BlackElo "2216"]
[PlyCount "58"]
[EventDate "2013.??.??"]
[WhiteTeam "SC Forchheim e.V."]
[BlackTeam "Wiesbadener SV 1885"]

1. d4 Nf6 2. c4 e6 3. g3 d5 4. Nf3 Bb4+ 5. Bd2 Be7 6. Bg2 c6 7. O-O Nbd7 8. Qc2
O-O 9. Bf4 b6 10. Nc3 dxc4 11. Nd2 Nd5 12. Nxc4 Nxf4 13. gxf4 Bb7 14. f5 exf5
15. Qxf5 g6 16. Qc2 Nf6 17. Rad1 Qc7 18. Rfe1 Ng4 19. h3 Qh2+ 20. Kf1 Nxf2 21.
Kxf2 Bh4+ 22. Kf1 Qf4+ 23. Bf3 Bc8 24. Ne4 Qh2 25. Bg2 Bxh3 26. e3 Qh1+ 27. Ke2
Qxg2+ 28. Kd3 Qxe4+ 29. Kxe4 Bf5+ 0-1

[Event "17. OIBM Bad Wiessee"]
[Site "Bad Wiessee"]
[Date "2013.10.31"]
[Round "7.2"]
[White "Nisipeanu, Liviu-Dieter"]
[Black "Rozentalis, Eduardas"]
[Result "1-0"]
[WhiteElo "2674"]
[BlackElo "2616"]
[PlyCount "83"]
[EventDate "2013.??.??"]
[WhiteTeam "OSG Baden-Baden"]

1. d4 Nf6 2. c4 e6 3. Nc3 Bb4 4. e3 O-O 5. Bd3 c5 6. Nge2 d5 7. cxd5 cxd4 8.
exd4 Nxd5 9. O-O Nc6 10. Bc2 Re8 11. Qd3 g6 12. Ne4 b6 13. a3 Be7 14. Rd1 Bb7
15. Bh6 Rc8 16. Bb3 Na5 17. Ba2 Nf6 18. N4c3 Nd5 19. Ne4 Nf6 20. N4c3 Nd5 21.
b4 Nc6 22. Nxd5 exd5 23. Qf3 Bg5 24. Bxg5 Qxg5 25. Bxd5 Rc7 26. Ng3 Kg7 27. Nf1
Nd8 28. Bxb7 Nxb7 29. Ne3 Nd6 30. g3 Re4 31. h4 Qd8 32. Rac1 Rxc1 33. Rxc1 Rxd4
34. h5 Qg5 35. Rc7 a5 36. Rd7 axb4 37. axb4 b5 38. Kg2 Kh6 39. Qc6 Qe5 40. Qc1
Kg7 41. h6+ Kf6 42. Qc7 1-0

[Event "17. OIBM Bad Wiessee"]
[Site "Bad Wiessee"]
[Date "2013.10.31"]
[Round "7.3"]
[White "Romanov, Evgeny"]
[Black "Sumets, Andrey"]
[Result "1/2-1/2"]
[WhiteElo "2654"]
[BlackElo "2598"]
[PlyCount "82"]
[EventDate "2013.??.??"]
[WhiteTeam "SF Katernberg 1913 e.V"]
[BlackTeam "SF Lilienthal von 1971"]

1. d4 Nf6 2. c4 e6 3. Nc3 Bb4 4. e3 c5 5. Nge2 cxd4 6. exd4 O-O 7. a3 Be7 8.
Nf4 d5 9. cxd5 Nxd5 10. Ncxd5 exd5 11. Bd3 Nc6 12. O-O Qd6 13. Qh5 g6 14. Qh6
Rd8 15. Be3 Bf8 16. Qh4 Be7 17. Qg3 Bf6 18. Rad1 Bg7 19. Qf3 Ne7 20. g4 Bd7 21.
Rfe1 Ba4 22. Rc1 Rac8 23. Bb1 Nc6 24. Ne2 Qd7 25. Ba2 Bb5 26. Nf4 Bc4 27. b3
Ba6 28. Rc5 Ne7 29. b4 Bc4 30. Bxc4 dxc4 31. Rc1 Rxc5 32. bxc5 Nc6 33. Ne2 Qe6
34. h3 Bxd4 35. Nxd4 Nxd4 36. Bxd4 Rxd4 37. Qxb7 c3 38. Qa8+ Kg7 39. Qf3 Rc4
40. Qd3 Kf8 41. Kf1 Rxc5 1/2-1/2

[Event "17. OIBM Bad Wiessee"]
[Site "Bad Wiessee"]
[Date "2013.10.31"]
[Round "7.4"]
[White "Gupta, Abhijeet"]
[Black "Danin, Alexander"]
[Result "1-0"]
[WhiteElo "2593"]
[BlackElo "2589"]
[PlyCount "71"]
[EventDate "2013.??.??"]
[BlackTeam "Bochumer SV 02"]

1. d4 d5 2. c4 c6 3. Nf3 Nf6 4. Nc3 dxc4 5. a4 e6 6. e3 c5 7. Bxc4 Nc6 8. O-O
cxd4 9. exd4 Be7 10. Qe2 O-O 11. Rd1 Nb4 12. Bg5 h6 13. Bxf6 Bxf6 14. Ne4 Nd5
15. Ne5 Be7 16. Nc3 Bb4 17. Qf3 Bxc3 18. bxc3 Qd6 19. Bb3 Rb8 20. Rd3 b6 21.
Qg4 f5 22. Qh4 Bb7 23. Rg3 Kh7 24. Bxd5 Bxd5 25. f4 Rbc8 26. Re1 Rc7 27. Qh5
Rf6 28. h3 Bc6 29. Qd1 Qa3 30. Qd3 Qxa4 31. Ng4 Rg6 32. Rxe6 Be4 33. Rxe4 fxe4
34. Qxe4 Qc6 35. d5 Qc5+ 36. Kh2 1-0

[Event "17. OIBM Bad Wiessee"]
[Site "Bad Wiessee"]
[Date "2013.10.31"]
[Round "7.5"]
[White "Delchev, Aleksander"]
[Black "Meins, Gerlef"]
[Result "1-0"]
[WhiteElo "2643"]
[BlackElo "2448"]
[PlyCount "61"]
[EventDate "2013.??.??"]
[WhiteTeam "SV Deggendorf"]
[BlackTeam "SAbt SV Werder Bremen"]

1. e4 c5 2. Nf3 Nc6 3. Bb5 d6 4. O-O Bd7 5. Re1 Nf6 6. c3 a6 7. Bf1 Bg4 8. d4
cxd4 9. cxd4 g6 10. Be3 Bg7 11. Nc3 d5 12. e5 Ne4 13. Ne2 f6 14. h3 Bxf3 15.
gxf3 Ng5 16. Bg2 e6 17. f4 Nf7 18. f5 exf5 19. Nf4 Ng5 20. Qb3 O-O 21. Nxd5 Kh8
22. Qxb7 fxe5 23. Bxg5 Qxg5 24. Qxc6 e4 25. Nc7 Rac8 26. d5 Bd4 27. d6 Qd2 28.
Rf1 Be5 29. Rfd1 Qf4 30. Kf1 Qh2 31. d7 1-0

[Event "17. OIBM Bad Wiessee"]
[Site "Bad Wiessee"]
[Date "2013.10.31"]
[Round "7.6"]
[White "Kempinski, Robert"]
[Black "Hunt, Adam"]
[Result "1/2-1/2"]
[WhiteElo "2585"]
[BlackElo "2429"]
[PlyCount "39"]
[EventDate "2013.??.??"]
[WhiteTeam "Hamburger SK von 1830 eV"]
[BlackTeam "Woodbridge School"]

1. Nf3 Nf6 2. c4 g6 3. b4 Bg7 4. Bb2 O-O 5. e3 d6 6. d4 Nbd7 7. Be2 e5 8. Nc3
Re8 9. dxe5 Nxe5 10. Nxe5 dxe5 11. Qb3 Bf5 12. O-O c6 13. Rfd1 Qc7 14. c5 e4
15. h3 Nd7 16. Qc2 g5 17. Bg4 Bxg4 18. hxg4 Nf6 19. Qe2 Rad8 20. Rxd8 1/2-1/2

[Event "17. OIBM Bad Wiessee"]
[Site "Bad Wiessee"]
[Date "2013.10.31"]
[Round "7.7"]
[White "Gutman, Lev"]
[Black "Krämer, Martin"]
[Result "1/2-1/2"]
[WhiteElo "2441"]
[BlackElo "2546"]
[PlyCount "66"]
[EventDate "2013.??.??"]
[WhiteTeam "SV Lingen"]
[BlackTeam "Sfrd. Berlin 1903 e.V."]

1. Nf3 Nf6 2. g3 d5 3. Bg2 c6 4. O-O Bg4 5. d4 Nbd7 6. c4 e6 7. Ne5 Nxe5 8.
dxe5 Nd7 9. cxd5 exd5 10. h3 Bf5 11. Bf4 Be7 12. Nc3 Nc5 13. b4 Ne6 14. b5 Nxf4
15. gxf4 Qa5 16. e4 dxe4 17. Nxe4 O-O 18. bxc6 bxc6 19. Ng3 Rfd8 20. Qf3 Bd3
21. Rfd1 Bc2 22. Rxd8+ Rxd8 23. Qxc6 Qd2 24. Nf1 Qd4 25. Rc1 Bd3 26. Qf3 Bxf1
27. Bxf1 g6 28. Rc4 Qd7 29. Rc6 Rc8 30. Rxc8+ Qxc8 31. Qe4 Kg7 32. Kg2 Bc5 33.
Bc4 Bb6 1/2-1/2

[Event "17. OIBM Bad Wiessee"]
[Site "Bad Wiessee"]
[Date "2013.10.31"]
[Round "7.8"]
[White "Eingorn, Vereslav S"]
[Black "Weber, Ulrich"]
[Result "1-0"]
[WhiteElo "2548"]
[BlackElo "2423"]
[PlyCount "82"]
[EventDate "2013.??.??"]
[BlackTeam "SV 1920 Hofheim"]

1. c4 Nf6 2. g3 g6 3. Bg2 Bg7 4. Nc3 O-O 5. d4 d6 6. h3 c5 7. d5 a6 8. a4 e6 9.
Nf3 exd5 10. cxd5 Nbd7 11. O-O Rb8 12. Bf4 Qc7 13. a5 b5 14. axb6 Rxb6 15. Qc1
Re8 16. Ra2 Qb8 17. Re1 Rb4 18. Qc2 Bb7 19. Rd1 Nb6 20. Ne1 Nh5 21. Bc1 Rd4 22.
e3 Rxd1 23. Qxd1 f5 24. Na4 Nd7 25. b3 Nhf6 26. Nd3 Ne4 27. Nf4 Ndf6 28. Bb2 g5
29. Ne6 Bxd5 30. Nxg7 Bxb3 31. Qa1 Kxg7 32. Bxe4 Bxa2 33. Bxf6+ Kg6 34. Bxg5
Re6 35. Bc2 Bd5 36. Bf4 Qb4 37. Nc3 Be4 38. Nxe4 fxe4 39. Qh8 Qe1+ 40. Kg2 Qe2
41. Qg8+ Kf6 1-0

[Event "17. OIBM Bad Wiessee"]
[Site "Bad Wiessee"]
[Date "2013.10.31"]
[Round "7.9"]
[White "Mons, Leon"]
[Black "Hausrath, Daniel"]
[Result "1/2-1/2"]
[WhiteElo "2432"]
[BlackElo "2532"]
[PlyCount "34"]
[EventDate "2013.??.??"]
[WhiteTeam "SC Forchheim e.V."]
[BlackTeam "SV Mülheim-Nord 1931 e"]

1. e4 c5 2. Nf3 Nc6 3. Bb5 Nf6 4. Bxc6 dxc6 5. d3 g6 6. h3 Bg7 7. Nc3 Nd7 8.
Be3 e5 9. Qe2 h6 10. Qd2 Qe7 11. a3 a5 12. Nh2 a4 13. f4 exf4 14. Bxf4 Ne5 15.
Nf3 g5 16. Bxe5 Bxe5 17. Nxe5 Qxe5 1/2-1/2

[Event "17. OIBM Bad Wiessee"]
[Site "Bad Wiessee"]
[Date "2013.10.31"]
[Round "7.11"]
[White "Pap, Misa"]
[Black "Eggleston, David"]
[Result "1-0"]
[WhiteElo "2484"]
[BlackElo "2399"]
[PlyCount "57"]
[EventDate "2013.??.??"]
[WhiteTeam "Sfr. Korbach"]
[BlackTeam "Durham"]

1. e4 c5 2. Nf3 d6 3. d4 cxd4 4. Nxd4 Nf6 5. Nc3 a6 6. Bg5 Nbd7 7. f4 Qc7 8.
Qf3 h6 9. Bxf6 Nxf6 10. f5 Qc5 11. O-O-O g5 12. fxg6 Bg4 13. gxf7+ Kxf7 14. Qe3
Bxd1 15. Nxd1 Bg7 16. g3 Qe5 17. Qb3+ d5 18. Nf3 Qxe4 19. Bd3 Qe6 20. Re1 Qd6
21. Ne5+ Kg8 22. Ng6 Bf8 23. Bf5 a5 24. Qxb7 Re8 25. Re6 Qb4 26. Rb6 Qc5 27.
Nxh8 Kxh8 28. Rxf6 d4 29. Qc6 1-0

[Event "17. OIBM Bad Wiessee"]
[Site "Bad Wiessee"]
[Date "2013.10.31"]
[Round "7.12"]
[White "Schramm, Christian"]
[Black "Carlstedt, Jonathan"]
[Result "1/2-1/2"]
[WhiteElo "2396"]
[BlackElo "2421"]
[PlyCount "45"]
[EventDate "2013.??.??"]
[WhiteTeam "SC 1959 Obernau"]
[BlackTeam "SV Diag.Harburg 1926 eV"]

1. e4 c5 2. Nc3 e6 3. Nf3 Nf6 4. d4 cxd4 5. Nxd4 Bb4 6. Bd3 Qb6 7. Nf3 d5 8. e5
Ne4 9. O-O Nxc3 10. bxc3 Be7 11. Qd2 Nc6 12. Qf4 h6 13. Qg3 g5 14. Nd4 Nxd4 15.
cxd4 Qxd4 16. Rb1 b6 17. Kh1 Qh4 18. Qf3 Bd7 19. Qe2 Rc8 20. f4 g4 21. g3 Qh3
22. f5 d4 23. Bb2 1/2-1/2

[Event "17. OIBM Bad Wiessee"]
[Site "Bad Wiessee"]
[Date "2013.10.31"]
[Round "7.13"]
[White "Bogner, Sebastian"]
[Black "Buchal, Stephan"]
[Result "0-1"]
[WhiteElo "2552"]
[BlackElo "2312"]
[PlyCount "58"]
[EventDate "2013.??.??"]
[WhiteTeam "SC Eppingen"]
[BlackTeam "SA SV Werder Bremen"]

1. d4 g6 2. Nf3 Bg7 3. c4 d6 4. Nc3 Nf6 5. g3 O-O 6. Bg2 Nc6 7. O-O a6 8. Bf4
Rb8 9. Rc1 Bg4 10. d5 Bxf3 11. exf3 e5 12. dxe6 fxe6 13. Be3 Ne7 14. Re1 Nf5
15. Bg5 Qd7 16. f4 Kh8 17. c5 d5 18. g4 Ne7 19. Qe2 d4 20. Ne4 Nxe4 21. Qxe4
Nd5 22. Rcd1 Rbe8 23. Rd3 Qf7 24. Rb3 c6 25. Rd1 e5 26. f5 gxf5 27. gxf5 Qh5
28. Rh3 Qxd1+ 29. Bf1 Nf6 0-1

[Event "17. OIBM Bad Wiessee"]
[Site "Bad Wiessee"]
[Date "2013.10.31"]
[Round "7.14"]
[White "Postny, Evgeny"]
[Black "Welling, Gerard"]
[Result "1-0"]
[WhiteElo "2631"]
[BlackElo "2336"]
[PlyCount "55"]
[EventDate "2013.??.??"]
[WhiteTeam "SC Eppingen"]
[BlackTeam "WLC Eindhofen"]

1. d4 e6 2. c4 f5 3. g3 Nf6 4. Bg2 d5 5. Nh3 c6 6. O-O Bd6 7. Bf4 O-O 8. Nd2
Qe7 9. Qc2 Nbd7 10. a3 e5 11. dxe5 Bxe5 12. cxd5 Nxd5 13. Bxd5+ cxd5 14. Nf3
Bxf4 15. Nxf4 Nf6 16. Rac1 Bd7 17. Qc7 Rab8 18. Qa5 a6 19. Nd4 Qe4 20. Qb6 Rbc8
21. Rfd1 g5 22. Nfe6 Bxe6 23. Nxe6 Qxe2 24. Nxf8 Rxf8 25. Re1 Qh5 26. Qe6+ Rf7
27. Rc7 Ne4 28. f3 1-0

[Event "17. OIBM Bad Wiessee"]
[Site "Bad Wiessee"]
[Date "2013.10.31"]
[Round "7.15"]
[White "Zach, Andreas"]
[Black "Khenkin, Igor"]
[Result "0-1"]
[WhiteElo "2307"]
[BlackElo "2609"]
[PlyCount "45"]
[EventDate "2013.??.??"]
[WhiteTeam "SC Gröbenzell"]
[BlackTeam "Wiesbadener SV 1885"]

1. d4 d5 2. Bf4 c5 3. e3 Nc6 4. c3 Nf6 5. Nd2 Bf5 6. Qb3 Qd7 7. a4 Nh5 8. Bg5
h6 9. Bh4 g5 10. Be2 gxh4 11. Bxh5 cxd4 12. exd4 e5 13. Ngf3 exd4 14. O-O dxc3
15. bxc3 Be7 16. Nd4 Nxd4 17. cxd4 O-O 18. Nf3 Bf6 19. Ne5 Bxe5 20. dxe5 d4 21.
h3 Qe7 22. Qf3 Qg5 23. Qd1 0-1

[Event "17. OIBM Bad Wiessee"]
[Site "Bad Wiessee"]
[Date "2013.10.31"]
[Round "7.16"]
[White "Cordts, Ingo"]
[Black "Graf, Alexander"]
[Result "1/2-1/2"]
[WhiteElo "2296"]
[BlackElo "2607"]
[PlyCount "211"]
[EventDate "2013.??.??"]
[WhiteTeam "Ford-SF Köln e.V."]
[BlackTeam "USV Volksbank Halle"]

1. Nf3 Nf6 2. c4 e6 3. g3 d5 4. d4 Bb4+ 5. Bd2 Be7 6. Bg2 O-O 7. O-O c6 8. Qc2
b6 9. Bf4 Bb7 10. Rd1 Na6 11. a3 Qc8 12. Nbd2 c5 13. Rac1 h6 14. h3 Rd8 15.
dxc5 bxc5 16. Nb3 d4 17. Na5 Be4 18. Qa4 Nd7 19. Ne5 Bxg2 20. Kxg2 Nxe5 21.
Bxe5 Bd6 22. Bxd6 Rxd6 23. b4 e5 24. b5 Nc7 25. Qc2 Ne6 26. Nc6 Rxc6 27. bxc6
Ng5 28. h4 Qxc6+ 29. f3 Nh7 30. Qe4 Qxe4 31. fxe4 Nf6 32. Kf3 h5 33. Rb1 Ng4
34. Rb5 Rc8 35. Rd3 Rc6 36. Kg2 a6 37. Rb8+ Kh7 38. Rf3 Kg6 39. Rfb3 Rf6 40.
R3b6 Ne3+ 41. Kg1 Nxc4 42. Rxf6+ gxf6 43. a4 f5 44. Rc8 fxe4 45. Rxc5 Nb2 46.
Rxe5 d3 47. exd3 exd3 48. Rd5 Nxa4 49. Rxd3 Nc5 50. Rd6+ f6 51. Kg2 a5 52. Rd5
Nb3 53. Rb5 Nd4 54. Rxa5 Nf5 55. Kf2 Nh6 56. Kf3 Ng4 57. Kf4 Nh6 58. Ra8 Kg7
59. Ke4 Kg6 60. Rb8 Kg7 61. Kd5 Nf5 62. Rb3 Kf7 63. Rf3 Kg6 64. Rf2 Ng7 65. Rf4
Kf7 66. Kd6 Ne8+ 67. Kd7 Ng7 68. Rf3 Ne8 69. Rf5 Ng7 70. Ra5 Kf8 71. Rb5 Kf7
72. Rc5 Kf8 73. Rd5 Kf7 74. Ra5 Kf8 75. Ra7 Kf7 76. Kd6+ Kg6 77. Ra5 Nf5+ 78.
Ke6 Nd4+ 79. Kd5 Nf5 80. Ra3 Kf7 81. Ke4 Kg6 82. Rf3 Nh6 83. Rf4 Kf7 84. Kd5
Ke7 85. Rf3 Ng4 86. Rb3 Kf7 87. Kd6 Nh6 88. Rf3 Ng4 89. Rf5 Ne3 90. Rxh5 Nf1
91. g4 Ne3 92. Ra5 Nxg4 93. h5 Kg7 94. Ke6 Kh6 95. Rf5 Ne3 96. Rf3 Ng2 97. Rf5
Nh4 98. Ra5 f5 99. Kf6 Kxh5 100. Ra4 Ng2 101. Kxf5 Nh4+ 102. Kf6 Nf3 103. Rb4
Nh4 104. Rf4 Ng2 105. Rf2 Nh4 106. Rf1 1/2-1/2

[Event "17. OIBM Bad Wiessee"]
[Site "Bad Wiessee"]
[Date "2013.10.31"]
[Round "7.18"]
[White "Jelica, Mara"]
[Black "Prusikin, Michael"]
[Result "1/2-1/2"]
[WhiteElo "2252"]
[BlackElo "2546"]
[PlyCount "68"]
[EventDate "2013.??.??"]
[WhiteTeam "Freier SpV von 1898 Dort"]
[BlackTeam "TV Tegernsee"]

1. e4 e6 2. d4 d5 3. Nd2 Nf6 4. e5 Nfd7 5. Bd3 c5 6. c3 Nc6 7. Ndf3 cxd4 8.
cxd4 f6 9. exf6 Nxf6 10. Ne2 Qc7 11. O-O Bd6 12. Bg5 O-O 13. Nc3 a6 14. Rc1 Ng4
15. h3 Nh2 16. Nxh2 Bxh2+ 17. Kh1 Bf4 18. Bxf4 Qxf4 19. Ne2 Qh4 20. f4 Bd7 21.
Qd2 Rf6 22. Qe3 Raf8 23. Kh2 Rh6 24. a3 Qd8 25. b4 Rhf6 26. Rf3 Be8 27. g4 g5
28. f5 h6 29. Ng3 Qb6 30. Rc5 Ne7 31. Rf1 Qd6 32. Qe5 exf5 33. Nxf5 Nxf5 34.
Bxf5 Bc6 1/2-1/2

[Event "17. OIBM Bad Wiessee"]
[Site "Bad Wiessee"]
[Date "2013.10.31"]
[Round "7.19"]
[White "Bromberger, Stefan"]
[Black "Giemsa, Stephan"]
[Result "1-0"]
[WhiteElo "2521"]
[BlackElo "2321"]
[PlyCount "49"]
[EventDate "2013.??.??"]
[WhiteTeam "MSA Zugzwang 82 e.V."]
[BlackTeam "SK König Tegel 1949 e.V."]

1. d4 Nf6 2. c4 g6 3. Nc3 d5 4. Nf3 Bg7 5. Qb3 dxc4 6. Qxc4 O-O 7. e4 Be6 8.
Qd3 c5 9. d5 Bc8 10. Be2 e6 11. Bg5 h6 12. Bh4 Qa5 13. O-O exd5 14. Bxf6 Bxf6
15. Nxd5 Bg7 16. Ne7+ Kh8 17. Nxc8 Rxc8 18. e5 Qb6 19. Rad1 Na6 20. Qc4 Rc7 21.
Qh4 c4 22. Bxc4 g5 23. Nxg5 Qb4 24. b3 b5 25. Qe4 1-0

[Event "17. OIBM Bad Wiessee"]
[Site "Bad Wiessee"]
[Date "2013.10.31"]
[Round "7.20"]
[White "Poetsch, Hagen"]
[Black "Maier, Alexander"]
[Result "1-0"]
[WhiteElo "2472"]
[BlackElo "2311"]
[PlyCount "39"]
[EventDate "2013.??.??"]
[WhiteTeam "Sfr. Schöneck"]
[BlackTeam "SK Ingolstadt"]

1. e4 e5 2. Nf3 Nc6 3. Bc4 Bc5 4. b4 Bxb4 5. c3 Ba5 6. d4 exd4 7. Qb3 Qf6 8.
O-O dxc3 9. Bg5 Qg6 10. Nxc3 Bxc3 11. Qxc3 Nh6 12. Bf4 d6 13. Nh4 Qg4 14. Bxh6
Rg8 15. Nf5 Bxf5 16. h3 Qh4 17. exf5 gxh6 18. Bd5 Kf8 19. Rab1 Nd4 20. Qxc7 1-0